Представление документа в формате MARC21

Поле Инд. ПП Название Значение
Тип записи a
Библиографический уровень b
001 Контрольный номер RU/IS/BASE/275142879
005 Дата корректировки 20200522191244.3
008 Кодируемые данные 20080919
040 b Код языка каталог. rus
e Правила каталог. PSBO
041 0_ a Код языка текста rus
084 a Индекс другой классификации/Индекс ББК 66.02; 66.3(2Рос),123
100 1_ a Автор Баранов Н. А.
245 10 a Заглавие Легитимность власти: политический опыт России
504 a Библиография Библиогр. ссылки
650 14 a Основная рубрика внутренняя политика
a Основная рубрика политика
a Основная рубрика политология
653 1_ a Ключевые слова власть
a Ключевые слова государственная власть
a Ключевые слова легитимация власти
a Ключевые слова политическая власть
a Ключевые слова Россия
773 08 t Заглавие источника Социально-гуманитарные знания
d Дата издания источника 2008
g Прочая информация № 1. - С. 18 - 29
w Контрольный № источника RU/IS/BASE/258728036
901 t Тип документа b